000 01014cam a2200205 4500
001 WB3914-22
008 030409n2003 000 0 eng u
035 _a(Sirsi) u121936
245 _aChanges to planning consultancy advice scheme
260 _c2003
490 _aDEFRA News Release
_v(125/03) 2 April 2003 (2)
520 _aDuring the financial year 2003-04 DEFRA's Planning Consultancy Advice scheme will operate within a fixed budget, applications will be managed on a 'first-come, first-served basis' and consultants offering planning feasibility studies will have a cost ceiling of £600. The scheme helps farmers diversify their business under the Rural Enterprise Scheme. Further information available at www.defra.gov.uk/corporate/regulat/forms/erdp/res/index.htm www.defra.gov.uk/news/2003/030402a.htm.
590 _aWB
650 _aRURAL ENTERPRISE SCHEMES
650 _aPLANNING CONSULTANCY
650 _aFARM DIVERSIFICATION
650 _aFARMERS
690 _aRural
_96268
942 _n0
999 _c72469
_d72469